000
00307nam a22001337a 4500
008
210304b ||||| |||| 00| 0 eng d
020
_a
9780030764813
041
_a
eng
080
_2
2nd
_a
33
100
_a
58
101
_a
BIZ
245
_a
Foundations of Business Systems
_c
Flaatten,O.P
942
_2
udc
_c
BK
999
_c
55725
_d
55725